zpět

Detail výsledku týmu

Barcelounoc - Vinohrady, Praha

Datum a čas kvízu

18.5 Celkem bodů Celkový počet nahraných bodů na tomto kvízu bez doplňovacích otázek.
6. Pořadí na kvízu Konečné umístění týmu na tomto kvízu.

Zaznamenané odpovědi

# Otázka Odpověď Body Výsledky
1. Ředitel gymnázia Zdeněk Bergma... 0
2. Po kterém ruském umělci je poj... 1
3. Vrcholem popularity této zpěva... 0
4. Hospodářská komora volila v rá... 0
5. Jak se jmenuje útočník, jenž v... 0
6. V různých seriálech se objevil... 1
7. Napište jména herců, kteří ztv... 0.5
8. Walter White a Jesse Pinkman.... 0
9. Excentrický sedmdesátiletý věd... 1
10. A nakonec dvojice z českých ve... 1